000 00453nam a2200145Ia 4500
008 230917s9999||||xx |||||||||||||| ||und||
040 _e181943
_aMAIN
041 _aEnglish
082 _a891.491503741 DR536K
100 _aघनखड, रावबीर सिंह
245 0 _aकिस्मत का खेल
260 _aदिल्ली
_bशिवहरि प्रकाशन
_c2006
300 _axiii, 128 पृ. p.
942 _cHN
999 _c147960
_d147960